000
00258nam a22001097a 4500
008
170126b xxu||||| |||| 00| 0 eng d
020
_a
9781401881320
041
_a
eng
080
_2
3RD
_a
61
245
_a
CLINICAL MEDICAL ASSISTING
_c
LIND, W.Q
942
_2
udc
_c
BK
999
_c
3721
_d
3721